000 00422nam a2200145Ia 4500
008 100122s9999 xx 000 0 und d
082 _b18412
_a823
100 _aशेळके उध्दव ज
245 _aवळणावरचं वय
260 _bललित वैभव
_c1905
300 _a296
630 _aवळणावरचं वय
730 _aवळणावरचं वय
942 _cBOOK
999 _c407841
_d407838